000
00204 a2200109 4500
020
_a
9789706424624
041
_a
spa
100
_a
Santillana
245
_a
Textos Para Leer 1
942
_c
BK
952
_7
1
999
_c
23831
_d
23831